<?xml version="1.0" encoding="UTF-8"?>
<record
    xmlns:xsi="http://www.w3.org/2001/XMLSchema-instance"
    xsi:schemaLocation="http://www.loc.gov/MARC21/slim http://www.loc.gov/standards/marcxml/schema/MARC21slim.xsd"
    xmlns="http://www.loc.gov/MARC21/slim">

  <leader>00627nam a22002057b 4500</leader>
  <controlfield tag="003">3228</controlfield>
  <controlfield tag="005">20251117100703.0</controlfield>
  <controlfield tag="008">251117b        sa ||||| |||| 00| 0 eng d</controlfield>
  <datafield tag="020" ind1=" " ind2=" ">
    <subfield code="a">9781779800404(paperback)</subfield>
  </datafield>
  <datafield tag="040" ind1=" " ind2=" ">
    <subfield code="b">English</subfield>
    <subfield code="c">3228</subfield>
    <subfield code="e">rda</subfield>
  </datafield>
  <datafield tag="041" ind1=" " ind2=" ">
    <subfield code="a">Sepedi</subfield>
  </datafield>
  <datafield tag="082" ind1=" " ind2="0">
    <subfield code="a">NSO KF BOSA</subfield>
  </datafield>
  <datafield tag="100" ind1=" " ind2=" ">
    <subfield code="9">197797</subfield>
    <subfield code="a">Bosa, Subi</subfield>
  </datafield>
  <datafield tag="245" ind1=" " ind2=" ">
    <subfield code="a">Ke thopile chibena! /</subfield>
    <subfield code="c">Matemane Lekganyane</subfield>
  </datafield>
  <datafield tag="260" ind1=" " ind2=" ">
    <subfield code="a">Centurion Randjes Park /</subfield>
    <subfield code="b">Qualibooks publishing,</subfield>
    <subfield code="c">2022.</subfield>
  </datafield>
  <datafield tag="300" ind1=" " ind2=" ">
    <subfield code="a">8 pages :</subfield>
    <subfield code="b">Illustrations, colour ;</subfield>
    <subfield code="c">21 cm</subfield>
  </datafield>
  <datafield tag="521" ind1=" " ind2=" ">
    <subfield code="a">Kids</subfield>
  </datafield>
  <datafield tag="700" ind1=" " ind2=" ">
    <subfield code="9">197538</subfield>
    <subfield code="a">Subi Bosa</subfield>
    <subfield code="e">Illustrator</subfield>
  </datafield>
  <datafield tag="942" ind1=" " ind2=" ">
    <subfield code="2">ddc</subfield>
    <subfield code="c">BOOK</subfield>
    <subfield code="h">NSO KF BOSA</subfield>
    <subfield code="w">166</subfield>
    <subfield code="x">Thoko Moyakene</subfield>
    <subfield code="y">166</subfield>
    <subfield code="z">Thoko Moyakene</subfield>
  </datafield>
  <datafield tag="999" ind1=" " ind2=" ">
    <subfield code="c">789276</subfield>
    <subfield code="d">789275</subfield>
  </datafield>
  <datafield tag="952" ind1=" " ind2=" ">
    <subfield code="0">0</subfield>
    <subfield code="1">0</subfield>
    <subfield code="2">ddc</subfield>
    <subfield code="4">0</subfield>
    <subfield code="7">0</subfield>
    <subfield code="8">F</subfield>
    <subfield code="a">KWAML</subfield>
    <subfield code="b">SIYABL</subfield>
    <subfield code="c">CHILD</subfield>
    <subfield code="d">2025-11-17</subfield>
    <subfield code="l">0</subfield>
    <subfield code="o">NSO KF BOSA</subfield>
    <subfield code="p">33228024462580</subfield>
    <subfield code="r">2025-11-17</subfield>
    <subfield code="w">2025-11-17</subfield>
    <subfield code="y">BOOK</subfield>
  </datafield>
</record>
